| 000 | 00916nam a22003017a 4500 | ||
|---|---|---|---|
| 003 | CHAP | ||
| 005 | 20220329140311.0 | ||
| 008 | 971013s1979 enka r 00010 eng d | ||
| 010 | _a50018 | ||
| 011 | _a50990 | ||
| 035 | _a55140 | ||
| 040 | _cCHAP | ||
| 082 | 0 | 0 |
_a576 _bF3 |
| 100 | 0 | 0 |
_aFenchel, T. _940031 |
| 245 | 1 | _aBacteria and mineral cycling | |
| 260 |
_aLondon : _bAcademic Press, _c1979 |
||
| 300 |
_a225 p. _b: gráfs. |
||
| 590 |
_aBATCH-UPD _b10 _c20130110 _lUCH01 _h0513 |
||
| 590 |
_aBATCH-UPD _b10 _c20130410 _lUCH01 _h0151 |
||
| 590 |
_aBATCH-UPD _b10 _c20130914 _lUCH01 _h0642 |
||
| 590 |
_aCONVERSION _b10 _c20130109 _lUCH01 _h1327 |
||
| 650 | 1 | 4 |
_aMicroorganismos _xEcología. _975522 |
| 650 | 1 | 4 |
_aMicroorganismos _xFisiología y morfología. _975523 |
| 700 | 0 |
_aBlackburn, T. H. _913000 |
|
| 901 | _aBK | ||
| 942 | _cLIBRO | ||
| 949 |
_a576 F3 _bBC _cLIBRO _d33724000401733 _eLIBRO _h57737 _i55140 _mD _si |
||
| 999 |
_c50018 _d50018 |
||